Страж: роман

Detalles Bibliográficos
Autor Principal: Пехов А. Ю. Алексей Юрьевич
Summary:Там, где со злом не могут справиться князья и клирики, инквизиторы и колдуны, — на помощь зовут воспитанников Братства стражей. Людей с даром, способных видеть незримое и остановить темных сущностей. Людвиг ван Нормайенн — один из них. Вольный охотник за порождениями тьмы, он путешествует из княжества в княжество, избавляя мир от злобных душ. Его ждет работа везде, где происходят необъяснимые события, жестокий мор и странные, неожиданные смерти. Стучат кости, воют демоны, сверкает черный кинжал с сапфировой рукоятью, мертвые выходят из могил ради танца... Но страж привык доводить свою работу до конца, какой бы сложной она ни была.
Idioma:ruso
Publicado: Москва, Альфа-книга, 2011
Series:Магия фэнтези
Subjects:
Formato: MixedMaterials Libro
KOHA link:https://koha.lib.tpu.ru/cgi-bin/koha/opac-detail.pl?biblionumber=669722

MARC

LEADER 00000nam0a2200000 4500
001 669722
005 20240220100505.0
010 |a 978-5-9922-0779-8 
090 |a 669722 
100 |a 20231127d2011 m||y0rusy50 ca 
101 0 |a rus 
102 |a RU 
105 |a y z 000ay 
181 0 |a i   |b  e  
182 0 |a n 
183 0 |a nc  |2 RDAcarrier 
200 1 |a Страж  |e роман  |f Алексей Пехов 
203 |a Текст  |b визуальный  |c непосредственный 
210 |a Москва  |c Альфа-книга  |d 2011 
215 |a 407 с. 
225 1 |a Магия фэнтези 
283 |2 RDAcarrier  |a volume 
330 |a Там, где со злом не могут справиться князья и клирики, инквизиторы и колдуны, — на помощь зовут воспитанников Братства стражей. Людей с даром, способных видеть незримое и остановить темных сущностей. Людвиг ван Нормайенн — один из них. Вольный охотник за порождениями тьмы, он путешествует из княжества в княжество, избавляя мир от злобных душ. Его ждет работа везде, где происходят необъяснимые события, жестокий мор и странные, неожиданные смерти. Стучат кости, воют демоны, сверкает черный кинжал с сапфировой рукоятью, мертвые выходят из могил ради танца... Но страж привык доводить свою работу до конца, какой бы сложной она ни была. 
606 1 |a Русская литература современная  |9 50316 
610 1 |a художественная литература 
610 1 |a романы 
610 1 |a фэнтези 
610 1 |a фантастика 
675 |a Р2  |v 4  |z rus 
700 |a Пехов  |b А. Ю.  |g Алексей Юрьевич 
801 |a RU  |b 63413507 
850 |a 63413507 
942 |c BK